Human Development (Record no. 33564)

MARC details
000 -LEADER
fixed length control field 00456nam a22001937a 4500
005 - DATE AND TIME OF LATEST TRANSACTION
control field 20230922102252.0
008 - FIXED-LENGTH DATA ELEMENTS--GENERAL INFORMATION
fixed length control field 230914b |||||||| |||| 00| 0 eng d
020 ## - INTERNATIONAL STANDARD BOOK NUMBER
ISBN 9780071180054
082 ## - DEWEY DECIMAL CLASSIFICATION NUMBER
Classification number 914.7214
Item number PAP-H
100 ## - MAIN ENTRY--AUTHOR
Author Name Papalia,Diane E.
245 ## - TITLE STATEMENT
Title Human Development
250 ## - EDITION STATEMENT
Edition statement 8th.ed
260 ## - PUBLICATION, DISTRIBUTION, ETC.
Place of Publication USA
Name of publisher, distributor, etc. McGraw-Hill
Date of publication, distribution, etc. 2001
300 ## - PHYSICAL DESCRIPTION
Pages 708
500 ## - GENERAL NOTE
General note Include Index
650 ## - SUBJECT ADDED ENTRY--TOPICAL TERM
Subject / Department Psychology
700 ## - ADDED ENTRY--PERSONAL NAME
Personal name Diane E.Papalia
952 ## - LOCATION AND ITEM INFORMATION (KOHA)
-- 0
-- 0
Holdings
Lost status Damaged status Permanent Location Current Location Shelving Location Date acquired Full Call Number Accession No./Barcode Date last seen item type
    Superior Information Resource Center (SIRC) Superior University- Central Library Superior Information Resource Center (SIRC) Superior University- Central Library literature 09/14/2023 914.72104 PAP-H 2001 20445 09/14/2023 BOOK

Powered by Koha